000 00891cam a2200277 4500
001 M2216
008 090401t1995 xxu||||| |||| 00| 0 eng d
035 _a(Sirsi) u37270
041 _aeng
050 _a526.9
110 _aFederation International Des Geometres
245 _aInternational symposium : professional practice, education of surveyors and new technologies : papers, 15-16 November 1995, Sofia, Bulgaria.
260 _aSofia, Bulgaria
_bFIG
_c1995
300 _a171p. ; 21cm.
350 _a0
520 _aText in English and Bulgarian.
650 _aCOMPUTERS
650 _aCONFERENCES
650 _aGEODESY
650 _aPROFESSIONAL PRACTICE
690 _aPROFESSIONAL PRACTICE
710 _aInternational Society for Photogrammetry and Remote Sensing
_92623
710 _aInternational Cartographic Association
_92595
942 _n0
948 _c04/03/1997
999 _c90460
_d90460